Ответы на вопросы пользователей SCADA-системы GENESIS32; Современные технологии автоматизации; № 3

التفاصيل البيبلوغرافية
Parent link:Современные технологии автоматизации: производственно-технический журнал.— , 2000-.— 0206-975X
№ 3.— 2002.— С. 82-87
المؤلف الرئيسي: Гусев С. Сергей
اللغة:الروسية
منشور في: 2002
سلاسل:В записную книжку инженера
الموضوعات:
التنسيق: فصل الكتاب
KOHA link:https://koha.lib.tpu.ru/cgi-bin/koha/opac-detail.pl?biblionumber=383999

MARC

LEADER 00000naa2a2200000 4500
001 383999
005 20231101063211.0
035 |a (RuTPU)RU\TPU\prd\10131 
090 |a 383999 
100 |a 20030128a2002 k y0rusy50 ca 
101 0 |a rus 
102 |a RU 
200 1 |a Ответы на вопросы пользователей SCADA-системы GENESIS32  |f С. Гусев 
225 1 |a В записную книжку инженера 
461 1 |0 (RuTPU)RU\TPU\prd\1759  |x 0206-975X  |t Современные технологии автоматизации  |o производственно-технический журнал  |d 2000- 
463 1 |0 (RuTPU)RU\TPU\prd\7902  |t № 3  |v С. 82-87  |d 2002 
610 1 |a утилиты лицензирования 
610 1 |a ошибки 
700 1 |a Гусев  |b С.  |g Сергей 
801 1 |a RU  |b 63413507  |c 20030128  |g PSBO 
801 2 |a RU  |b 63413507  |c 20131217  |g RCR 
942 |c BK